000 02000nam0a2200409 4500
001 RU\NLR\bibl\1816468
005 20260405133830.0
010 _a978-5-9916-1560-0
_91000
021 _aRU
_b2011-68105
_94807
035 _a(NLR Aleph) 001807046
090 _a1818133
_c1818133
100 _a20111006d2012 |||y0rusy50 ca
101 0 _arus
102 _aRU
105 _aa |||||||||
200 1 _aЛогистика
_eбазовый курс
_eучебник для бакалавров
_eпо направлению "Менеджмент"
_fМ.Н. Григорьев, С.А. Уваров
205 _a2-е изд., испр. и доп.
210 _aМосква
_cЮрайт
_d2012 [т.е. 2011]
215 _a818 с.
_cил.
_d21
225 1 _aУчебно-методическое объединение рекомендует
225 1 _aУчебник
225 1 _aБакалавр
300 _aНа обороте тит. л. авт.: Григорьев М.Н. - проф., к.т.н., засл. изобретатель РФ, Уваров С.А. - проф., д.э.н.
300 _aНа обл.: 2-е изд., доп.
300 _aКн. фактически изд. в 2011 г.
320 _aБиблиогр.: с. 812-818 (100 назв.)
606 1 _aЛогистика в экономике
_jУчебники для высших учебных заведений
_92168149
_3RU\NLR\auth\661304395
686 _aУ40(0)в611я73
700 1 _4070
_7ca
_8rus
_aГригорьев
_bМ. Н.
_cканд. техн. наук, ракетостроение
_gМихаил Николаевич
_937397
_3RU\NLR\AUTH\7754465
701 1 _4070
_7ca
_8rus
_aУваров
_bС. А.
_cд-р экон. наук
_f1951-
_gСергей Алексеевич
_937398
_3RU\NLR\AUTH\7754466
801 0 _aRU
_bNLR
_c20111006
_gRCR
801 1 _aRU
_bNLR
_c20111006
942 _cBOOK
980 _aNB
980 _aNBR